| 000 | 00365pam a2200157a 44500 | ||
|---|---|---|---|
| 008 | 230405s2001 xxu||||| |||| 00| 0 eng d | ||
| 041 | _aENG | ||
| 100 | _aC. Thomas Wu | ||
| 245 | _aAn Introduction to Object Oriented Programming wit | ||
| 250 | _a2 | ||
| 260 |
_a _bM.G.H. _c2001 |
||
| 300 | _a683P, 24 cms | ||
| 440 | _a285 | ||
| 690 | _aMCA | ||
| 906 | _a5549 | ||
| 999 |
_c258408 _d258408 |
||